000 01057nam a22002177a 4500
999 _c20987
_d20987
003 AR-CdUCM
008 190723b ||||| |||| 00| 0 spa d
040 _aMUNICIPALIDAD PROVINCIAL DEL CUSCO
_cBIBLIOTECA MUNICIPAL DEL CUSCO
082 _aC / 985.61 /
_bC89
110 _aCentro de estudios regionales andinos Bartolome de Las Casas-Cusco
_943775
245 _aLa crisis en Cusco 1985 - 1991 evolución y balance :
_banálisis económico - datos y gráficos /
260 _aCusco :
_bCentro de estudios regionales andinos Bartolome de Las Casas,
_c1991.
300 _a95 páginas ;
_c25 cm.
440 _aDocumentos regionales
_n3
_943776
505 _aContenido : Análisis sectorial regional: Breve síntesis de la crisis -- Coyuntura de los sectores económicos y sociales -- Inflación y remuneraciones: análisis del deterioro regional -- Coyuntura de los principales precios regionales -- Inversión publica departamental.
650 _aEconomía
_9382
650 _aCusco
_9772
710 _aINEI
_916602
942 _2ddc
_cLIBROS
945 _azta